Propuesta de mejora de los procesos productivos para la elaboración de baldosas y columnas de la empresa Concretera Total S.A, Masaya.
El presente trabajo consiste en una propuesta para mejorar la producción de baldosas y columnas de la empresa Concretera Total S.A, Masaya donde se tomara en cuenta los tiempos actuales para minimizar algunos tiempos con el fin de tener una producción más efectiva.
| Main Authors: | , , |
|---|---|
| Other Authors: | |
| Format: | Tesis Section = Libro |
| Language: | Undetermined Spanish |
| Published: |
Managua
UNI
2020
|
| Subjects: |
| LEADER | 01206nam a2200277Ia 4500 | ||
|---|---|---|---|
| 008 | 240830s9999 xx 000 0 und d | ||
| 040 | |a BIBLIOTECA-RUPAP Mon 658.5421 C961 | ||
| 041 | |a spa | ||
| 082 | |a Mon 658.5421 C961 | ||
| 100 | 1 | |a Cuadra Narváez, Eddy Alexande | |
| 100 | 1 | |b Balcacerez Sánchez, Cristopher Uriel | |
| 100 | 1 | |c Zuniga Delgado, Josué Daniel | |
| 245 | 1 | 0 | |a Propuesta de mejora de los procesos productivos para la elaboración de baldosas y columnas de la empresa Concretera Total S.A, Masaya. |
| 260 | |a Managua |b UNI |c 2020 | ||
| 300 | |a 155 p. :il. | ||
| 500 | |a Contiene: anexos y CD. | ||
| 502 | |a Tesis (Ingeniero Industrial)- UNI, 2020. | ||
| 520 | 3 | |a El presente trabajo consiste en una propuesta para mejorar la producción de baldosas y columnas de la empresa Concretera Total S.A, Masaya donde se tomara en cuenta los tiempos actuales para minimizar algunos tiempos con el fin de tener una producción más efectiva. | |
| 650 | 7 | |a ESTUDIOS DE TIEMPOS | |
| 650 | 7 | |b ESTUDIOS DE METODOS | |
| 650 | 7 | |c PRODUCTIVIDAD | |
| 650 | 7 | |d ESTUDIOS DE MOVIMIENTOS | |
| 700 | 1 | |a Tutor: |b Cáceres Antón, Juan Agustín | |
| 942 | |c BK |2 ddc | ||
| 991 | |a TESIS | ||
| 999 | |c 17508 | ||